| 000 | 00782nam a22002537a 4500 | ||
|---|---|---|---|
| 999 |
_c10616 _d10616 |
||
| 003 | AR-CdUCM | ||
| 008 | 190401b ||||| |||| 00| 0 spa d | ||
| 040 |
_aMUNICIPALIDAD PROVINCIAL DEL CUSCO _cBIBLIOTECA MUNICIPAL DEL CUSCO |
||
| 082 |
_a985.0191 / _bB45 / 1956 |
||
| 100 |
_aCobo, Bernabé _948192 |
||
| 245 |
_aHistoria del nuevo mundo / _bBernabé Cobo |
||
| 260 |
_aCuzco : _bH.G. Rozas, _c1956. |
||
| 300 |
_a275 páginas. : _c20 cm. |
||
| 440 |
_aPublicaciones Pardo - Galimberti _948193 |
||
| 500 | _aTomos III y IV. | ||
| 650 |
_aHistoria _948190 |
||
| 650 |
_aCrónicas _948191 |
||
| 650 |
_aCronistas _91200 |
||
| 650 |
_aInkas _91899 |
||
| 700 |
_aPardo, Luis A _925736 |
||
| 700 |
_aGalimberti Miranda, Carlos A _948194 |
||
| 942 |
_2ddc _cLIBROS |
||
| 945 | _apjha | ||